The Simpsons' Characters - 3 - Statistics

General Stats
  • This quiz has been taken 54 times
  • The average score is 14 of 20
Answer Stats
Picture Answer % Correct
Itchy
95%
Comic Book Guy / Jeff Albertson
89%
Fat Tony
87%
Scratchy
87%
Superintendent Chalmers / Gary Chalmers
87%
Hans Moleman
84%
Cletus
76%
Helen Lovejoy
76%
Jimbo
76%
Luigi
76%
Professor Frink
76%
Kirk Van Houten
74%
Maude Flanders
74%
Dolph
68%
Jasper
66%
Kearney
61%
Mr Largo / Dewey Largo
53%
Legs
50%
Louie
47%
Judge Snyder
37%
No matching quizzes found
Score Distribution
Percent of People with Each Score
Percentile by Number Answered
Your Score History
You have not taken this quiz